RuPaul's Drag Race UK Queens - Statistics

General Stats
  • This quiz has been taken 1,834 times
    262 since last reset
  • The average score is 40 of 79
Answer Stats
Answer % Correct
The Vivienne
91%
Baga Chipz
89%
Crystal
85%
Tayce
83%
Lawrence Chaney
79%
Bimini Bon-Boulash
77%
Blu Hydrangea
77%
A'Whora
76%
Divina de Campo
74%
Cheryl Hole
73%
Krystal Versace
72%
Danny Beard
70%
La Voix
70%
Sum Ting Wong
70%
Gothy Kendoll
69%
Ella Vaday
68%
Scaredy Kat
68%
Tia Kofi
68%
Vinegar Strokes
68%
Ginger Johnson
66%
Kyran Thrax
66%
Cherry Valentine
64%
Sister Sister
64%
Ginny Lemon
63%
Cheddar Gorgeous
62%
Ellie Diamond
62%
Veronica Green
62%
Bones
61%
Joe Black
60%
Kitty Scott-Claus
58%
Asttina Mandella
54%
Marmalade
54%
Vanity Milan
54%
Black Peppa
52%
River Medway
52%
Baby
50%
Paige Three
50%
Anubis
49%
Choriza May
48%
Tomara Thomas
48%
Victoria Scone
48%
Charity Kase
46%
Michael Marouli
46%
Scarlett Harlett
45%
Dakota Schiffer
44%
Sminty Drop
44%
Jonbers Blonde
43%
Catrin Feelings
42%
Elle Vosque
42%
Lill
42%
Cara Melle
41%
DeDeLicious
40%
Le Fil
40%
Pixie Polite
40%
Banksie
39%
Kate Butch
39%
Actavia
38%
Rileasa Slaves
37%
Bonnie Ann Clyde
36%
Starlet
36%
Charra Tea
34%
Nyongbella
34%
Sally™
34%
Just May
33%
Pasty
33%
Vicki Vivacious
33%
Elektra Fence
32%
Kiki Snatch
32%
Viola
32%
Tayris Mongardi
31%
Copper Topp
30%
Alexis Saint-Pete
29%
Dita Garbo
29%
Chai T Grande
28%
Silllexa Diction
28%
Miss Naomi Carter
26%
Chanel O'Conor
24%
Zahirah Zapanta
24%
Saki Yew
21%
No matching quizzes found
Score Distribution
Percent of People with Each Score
Percentile by Number Answered
Your Score History
You have not taken this quiz since the last reset